000 00660nam a22002177a 4500
001 6106
003 FISKH
005 20250314105709.0
008 250314b cb ||||| |||| 00| 0 eng d
040 _aFISKH
_bKhmer
_cFISKH
_dFISKH
050 _aPZ7
082 _a200
100 _aNeang, Sun
245 _aសុជីវធម៏ បុរស-ស្រ្តី /
_cកញ្ញា សាន់ នាង
260 _aPhnom Penh :
_c1967.
300 _a97​​ pages :
_billustrations ;
_c20 cm .
650 _aសុជីវធម៏ បុរស-ស្រ្តី
650 _aMen's and women's behavior
942 _2ddc
_cBK
_n0
999 _c6106
_d6106